<?xml version='1.0' encoding='UTF-8'?>
  <record xmlns="http://www.loc.gov/MARC21/slim">
    <leader>00000cam a2200000 i 4500</leader>
    <controlfield tag="001">ocm13468108</controlfield>
    <controlfield tag="003">OCoLC</controlfield>
    <controlfield tag="005">20250719032932.5</controlfield>
    <controlfield tag="008">850205s1757    enkaf         000 0 eng d</controlfield>
    <datafield tag="040" ind1=" " ind2=" ">
      <subfield code="a">RBN</subfield>
      <subfield code="b">eng</subfield>
      <subfield code="c">RBN</subfield>
      <subfield code="d">OCLCG</subfield>
      <subfield code="d">OCLCQ</subfield>
      <subfield code="d">OCLCF</subfield>
      <subfield code="d">OCLCQ</subfield>
      <subfield code="d">OCLCO</subfield>
      <subfield code="d">OCLCQ</subfield>
      <subfield code="d">QGJ</subfield>
      <subfield code="d">OCL</subfield>
      <subfield code="d">OCLCO</subfield>
      <subfield code="d">OCLCQ</subfield>
      <subfield code="d">OCLCL</subfield>
      <subfield code="d">OCLCQ</subfield>
      <subfield code="d">OCLCL</subfield>
    </datafield>
    <datafield tag="035" ind1=" " ind2=" ">
      <subfield code="a">(OCoLC)13468108</subfield>
    </datafield>
    <datafield tag="050" ind1=" " ind2="4">
      <subfield code="a">QA71</subfield>
      <subfield code="b">.R65 1757</subfield>
    </datafield>
    <datafield tag="082" ind1=" " ind2="4">
      <subfield code="a">681.2</subfield>
      <subfield code="q">OCoLC</subfield>
      <subfield code="1">https://id.oclc.org/worldcat/ddc/E38vm473vVTbYxBwKfCmBcrqYm</subfield>
    </datafield>
    <datafield tag="100" ind1="1" ind2=" ">
      <subfield code="a">Robertson, J.</subfield>
      <subfield code="q">(John),</subfield>
      <subfield code="d">1712-1776.</subfield>
      <subfield code="1">https://id.oclc.org/worldcat/entity/E39PCjtk4hXmBhFJBfXgKhm9j3</subfield>
    </datafield>
    <datafield tag="245" ind1="1" ind2="2">
      <subfield code="a">A treatise of such mathematical instruments, as are usually put into a portable case :</subfield>
      <subfield code="b">containing their various uses in arithmetic, geometry, trigonometry, architecture, surveying, gunnery, etc., with a short account of the authors who have treated on the proportional compasses and sector. To which is now added an appendix containing the description and use of the gunner's callipers.</subfield>
    </datafield>
    <datafield tag="250" ind1=" " ind2=" ">
      <subfield code="a">2 ed.,</subfield>
      <subfield code="b">with many additions.</subfield>
    </datafield>
    <datafield tag="260" ind1=" " ind2=" ">
      <subfield code="a">London, :</subfield>
      <subfield code="b">printed for T. Heath and J. Nourse in the Strand; J. Hodges on London-Bridge, and J. Fuller in Ave-mary-Lane.,</subfield>
      <subfield code="c">1757.</subfield>
    </datafield>
    <datafield tag="300" ind1=" " ind2=" ">
      <subfield code="a">2 preliminary leaves, [iii]-xx, 188 pages :;</subfield>
      <subfield code="b">folded frontispiece, vii folded plates (including diagrams) tables</subfield>
      <subfield code="c">20 cm</subfield>
    </datafield>
    <datafield tag="336" ind1=" " ind2=" ">
      <subfield code="a">text</subfield>
      <subfield code="b">txt</subfield>
      <subfield code="2">rdacontent</subfield>
    </datafield>
    <datafield tag="337" ind1=" " ind2=" ">
      <subfield code="a">unmediated</subfield>
      <subfield code="b">n</subfield>
      <subfield code="2">rdamedia</subfield>
    </datafield>
    <datafield tag="338" ind1=" " ind2=" ">
      <subfield code="a">volume</subfield>
      <subfield code="b">nc</subfield>
      <subfield code="2">rdacarrier</subfield>
    </datafield>
    <datafield tag="650" ind1=" " ind2="0">
      <subfield code="a">Mathematical instruments.</subfield>
    </datafield>
    <datafield tag="650" ind1=" " ind2="6">
      <subfield code="a">Mathématiques</subfield>
      <subfield code="x">Instruments.</subfield>
    </datafield>
    <datafield tag="650" ind1=" " ind2="7">
      <subfield code="a">Mathematical instruments.</subfield>
      <subfield code="2">fast</subfield>
      <subfield code="0">(OCoLC)fst01012080</subfield>
    </datafield>
    <datafield tag="700" ind1="1" ind2=" ">
      <subfield code="a">Heath, T.,</subfield>
      <subfield code="e">printer.</subfield>
    </datafield>
    <datafield tag="700" ind1="1" ind2=" ">
      <subfield code="a">Nourse, J.</subfield>
      <subfield code="q">(John),</subfield>
      <subfield code="d">-1780,</subfield>
      <subfield code="e">printer.</subfield>
      <subfield code="1">https://id.oclc.org/worldcat/entity/E39PBJkxMQcd7hqg4MgdbqGmBP</subfield>
    </datafield>
    <datafield tag="700" ind1="1" ind2=" ">
      <subfield code="a">Hodges, James,</subfield>
      <subfield code="e">printer.</subfield>
    </datafield>
    <datafield tag="700" ind1="1" ind2=" ">
      <subfield code="a">Fuller, John,</subfield>
      <subfield code="e">printer.</subfield>
    </datafield>
    <datafield tag="936" ind1=" " ind2=" ">
      <subfield code="a">BATCHLOAD</subfield>
    </datafield>
  </record>